[Event "Copa Hector Lucero 2015 - Final ACUA - "]
[Site "Ciudad de La Punta, San Luis"]
[Date "2015.11.18"]
[Round "1.1"]
[White "Murolo, Antonio"]
[Black "Morelli, Daniel"]
[Result "0-1"]
[WhiteElo "1844"]
[BlackElo "1825"]
[PlyCount "82"]
[EventDate "2015.11.18"]

1. d4 Nf6 2. Bf4 e6 3. e3 c5 4. c3 b6 5. Nf3 Bb7 6. Nbd2 Be7 7. Bd3 cxd4 8.
exd4 O-O 9. Qc2 Nc6 10. h3 Rc8 11. O-O-O Nb4 12. Qb1 Bd5 13. Nb3 a5 14. Kd2 a4
15. Nc5 bxc5 16. cxb4 cxb4 17. Rc1 b3 18. Rxc8 Qa5+ 19. Ke2 Rxc8 20. a3 Bc4 21.
Bxc4 Rxc4 22. Rc1 Qb5 23. Rxc4 Qxc4+ 24. Ke1 h6 25. Qd1 Ne4 26. Ne5 Qd5 27. f3
Bf6 28. Be3 Bh4+ 29. Kf1 Ng3+ 30. Kg1 Nf5 31. Bf2 Bxf2+ 32. Kxf2 Nxd4 33. Ng4
Qc5 34. Kg3 Nf5+ 35. Kh2 Qc7+ 36. Kg1 d5 37. Qe2 Qc2 38. Qe5 d4 39. Nf2 d3 40.
g4 Nh4 41. Qf4 Qe2 0-1

[Event "Copa Hector Lucero 2015 - Final ACUA - "]
[Site "Ciudad de La Punta, San Luis"]
[Date "2015.11.18"]
[Round "1.2"]
[White "Lopez, Jose Luis"]
[Black "Montenegro, Juan Carlos"]
[Result "0-1"]
[WhiteElo "2100"]
[BlackElo "2013"]
[PlyCount "76"]
[EventDate "2015.11.18"]

1. e4 e5 2. Nf3 Nc6 3. Bb5 a6 4. Ba4 Nf6 5. O-O b5 6. Bb3 Be7 7. Re1 O-O 8. a4
Bb7 9. Na3 b4 10. Nc4 d6 11. d3 Nb8 12. Ne3 c5 13. Nf5 Bc8 14. N3h4 Be6 15. Qf3
Nc6 16. Bg5 Nd4 17. Nxd4 cxd4 18. Nf5 Bxf5 19. Qxf5 Nd7 20. Bd2 a5 21. c3 dxc3
22. bxc3 Nc5 23. Bd5 Nxd3 24. Re3 bxc3 25. Bxc3 Nb4 26. Bxa8 Qxa8 27. Rg3 Nc6
28. f4 Qa7+ 29. Kh1 Nd4 30. Qg4 g6 31. Rf1 Qa6 32. Rf2 Rb8 33. h4 h5 34. Qh3
Rb1+ 35. Kh2 Ne2 36. fxe5 Nxg3 37. Qxg3 dxe5 38. Bxe5 Bc5 0-1

[Event "Copa Hector Lucero 2015 - Final ACUA - "]
[Site "Ciudad de La Punta, San Luis"]
[Date "2015.11.18"]
[Round "1.4"]
[White "Vello, Pablo"]
[Black "Mitrani, Alberto"]
[Result "0-1"]
[WhiteElo "1768"]
[BlackElo "1795"]
[PlyCount "66"]
[EventDate "2015.11.18"]

1. d4 f5 2. c4 Nf6 3. Nc3 g6 4. Bg5 Bg7 5. Bxf6 Bxf6 6. e4 d6 7. Bd3 Bxd4 8.
Nf3 Nc6 9. exf5 Bxf5 10. Bxf5 Bxc3+ 11. bxc3 gxf5 12. Nd4 Qd7 13. Qh5+ Kd8 14.
Qxf5 Qxf5 15. Nxf5 Ne5 16. O-O Nxc4 17. Rfe1 Ne5 18. f4 Ng6 19. g3 Kd7 20. Nd4
Rhg8 21. Kf2 Raf8 22. Ke3 e5 23. fxe5 Nxe5 24. a4 Ng4+ 25. Kd3 c5 26. Ne2 Rf3+
27. Kd2 Rf2 28. Kd1 Re8 29. Rb1 Ne3+ 30. Kd2 Ng2 31. Rxb7+ Kc6 32. Reb1 Rfxe2+
33. Kd3 R2e3+ 0-1

[Event "Copa Hector Lucero 2015 - Final ACUA - "]
[Site "Ciudad de La Punta, San Luis"]
[Date "2015.11.18"]
[Round "2.1"]
[White "Morelli, Daniel"]
[Black "Mitrani, Alberto"]
[Result "0-1"]
[WhiteElo "1825"]
[BlackElo "1795"]
[PlyCount "56"]
[EventDate "2015.11.18"]

1. e4 d6 2. d4 Nf6 3. Nc3 g6 4. Bf4 Bg7 5. e5 Nh5 6. Be3 O-O 7. g4 Bxe5 8. dxe5
Ng7 9. Bh6 Nc6 10. exd6 cxd6 11. Bxg7 Kxg7 12. h4 e5 13. Ne4 d5 14. Ng3 f5 15.
g5 f4 16. N3e2 d4 17. Nf3 Qd5 18. Neg1 Bg4 19. Bh3 Bh5 20. Bg2 e4 21. Qe2 Rae8
22. Rh3 exf3 23. Bxf3 Rxe2+ 24. Kxe2 Re8+ 25. Kd2 Bxf3 26. Rxf3 Qe4 27. a3 Ne5
28. Rb3 Nc4+ 0-1

[Event "Copa Hector Lucero 2015 - Final ACUA - "]
[Site "Ciudad de La Punta, San Luis"]
[Date "2015.11.18"]
[Round "2.2"]
[White "Saponara, Jose Maria"]
[Black "Vello, Pablo"]
[Result "1-0"]
[WhiteElo "2028"]
[BlackElo "1768"]
[PlyCount "89"]
[EventDate "2015.11.18"]

1. c4 g6 2. g3 Bg7 3. Bg2 Nf6 4. Nf3 O-O 5. O-O Nc6 6. Nc3 d5 7. cxd5 Nxd5 8.
e3 Nf6 9. d4 e6 10. Bd2 a6 11. Ne1 Bd7 12. Nc2 Rb8 13. Rb1 Ne7 14. e4 Bc6 15.
Be3 Ng4 16. Qxg4 f5 17. Qd1 fxe4 18. Nxe4 Bxe4 19. Bxe4 c6 20. h4 Nf5 21. Bg5
Bf6 22. Bxf6 Qxf6 23. Bxf5 exf5 24. Re1 Rfe8 25. Qd2 Kg7 26. Re3 Rxe3 27. Qxe3
Qd6 28. Qe5+ Qxe5 29. dxe5 Re8 30. f4 h6 31. Rd1 Re7 32. Rd6 Kh7 33. Nd4 Kg7
34. Kf2 h5 35. Ne6+ Kf7 36. Ng5+ Kg7 37. Ke3 Kh6 38. Kd4 Kg7 39. Kc5 Kh6 40.
Kb6 Kg7 41. a4 Kh6 42. b4 Kg7 43. a5 Kh6 44. Ne6 Kh7 45. Nd8 1-0

[Event "Copa Hector Lucero 2015 - Final ACUA - "]
[Site "Ciudad de La Punta, San Luis"]
[Date "2015.11.18"]
[Round "2.4"]
[White "Murolo, Antonio"]
[Black "Lopez, Jose Luis"]
[Result "0-1"]
[WhiteElo "1844"]
[BlackElo "2100"]
[PlyCount "65"]
[EventDate "2015.11.18"]

1. d4 Nf6 2. Bf4 d5 3. e3 c5 4. c3 Nc6 5. Nf3 Qb6 6. Qc2 Bf5 7. dxc5 Bxc2 8.
cxb6 Bxb1 9. Rxb1 axb6 10. a3 Nd7 11. Bb5 Ra5 12. a4 e6 13. O-O Be7 14. Nd4 e5
15. Nxc6 bxc6 16. Bxc6 exf4 17. b4 Ra7 18. exf4 O-O 19. Rfd1 Rc8 20. b5 Nf6 21.
Ra1 Ne4 22. Re1 Nxc3 23. Re3 d4 24. Rd3 Rxa4 25. Rxa4 Nxa4 26. Rxd4 Rd8 27.
Rxd8+ Bxd8 28. Kf1 Nc5 29. Ke2 Bf6 30. Ke3 Kf8 31. Bf3 Ke7 32. Be2 Ne6 33. Kf3
0-1

[Event "Copa Hector Lucero 2015 - Final ACUA - "]
[Site "Ciudad de La Punta, San Luis"]
[Date "2015.11.19"]
[Round "3.1"]
[White "Lopez, Jose Luis"]
[Black "Morelli, Daniel"]
[Result "1-0"]
[WhiteElo "2100"]
[BlackElo "1825"]
[PlyCount "97"]
[EventDate "2015.11.18"]

1. e4 d5 2. exd5 Qxd5 3. Nc3 Qa5 4. Bc4 Nf6 5. d3 c6 6. Bd2 Qc7 7. Nge2 Bg4 8.
f3 Bf5 9. Ng3 Bg6 10. Qe2 e6 11. Nge4 Nbd7 12. Bb3 O-O-O 13. O-O-O Be7 14. Be3
Bb4 15. Qf2 Bxc3 16. Nxc3 Nb6 17. a4 Nfd5 18. Nxd5 Nxd5 19. Bd2 a5 20. g4 Nb4
21. h4 Bxd3 22. Bxb4 Bxc2 23. Bxc2 axb4 24. Rxd8+ Rxd8 25. Rd1 Rd5 26. Rxd5
cxd5 27. b3 g6 28. f4 Qc3 29. Kb1 d4 30. Qe2 Kc7 31. Qc4+ Qxc4 32. bxc4 Kd6 33.
a5 Kc5 34. Bd3 Kc6 35. Kb2 Kc7 36. Kb3 Kb8 37. Kxb4 Ka7 38. Kc5 Ka6 39. Kxd4
Kxa5 40. c5 Kb4 41. Be4 f5 42. gxf5 exf5 43. Bxb7 Kb5 44. c6 Kb6 45. Ke5 h6 46.
Kf6 g5 47. hxg5 h5 48. Kxf5 h4 49. Kg4 1-0

[Event "Copa Hector Lucero 2015 - Final ACUA - "]
[Site "Ciudad de La Punta, San Luis"]
[Date "2015.11.19"]
[Round "3.2"]
[White "Perrone, Gabriel"]
[Black "Murolo, Antonio"]
[Result "1/2-1/2"]
[WhiteElo "1805"]
[BlackElo "1844"]
[PlyCount "94"]
[EventDate "2015.11.18"]

1. d4 Nf6 2. Bg5 e6 3. c4 Be7 4. Nc3 c6 5. Nf3 d5 6. e3 Nbd7 7. Bd3 h6 8. Bh4
O-O 9. O-O Qc7 10. Bg3 Bd6 11. Bxd6 Qxd6 12. h3 Qb4 13. cxd5 exd5 14. Qc2 Qe7
15. Rfe1 Re8 16. e4 dxe4 17. Nxe4 Nxe4 18. Bxe4 Qf8 19. Bf5 Nf6 20. Bxc8 Raxc8
21. Rac1 Rxe1+ 22. Rxe1 Re8 23. Qb3 Rxe1+ 24. Nxe1 Qe7 25. Qc3 Nd5 26. Qd2 Kf8
27. Kf1 Nf6 28. Qe2 Ne8 29. Nf3 Qxe2+ 30. Kxe2 Nd6 31. Kd3 Ke7 32. Ne5 Ke6 33.
Nc4 Nxc4 34. Kxc4 Kd6 35. a4 a5 36. b4 axb4 37. Kxb4 b6 38. Kc4 b5+ 39. axb5
cxb5+ 40. Kxb5 Kd5 41. Kb6 Kxd4 42. Kc6 Ke5 43. Kd7 Kf6 44. f4 g5 45. fxg5+
Kxg5 46. Kd6 h5 47. Ke5 h4 1/2-1/2

[Event "Copa Hector Lucero 2015 - Final ACUA - "]
[Site "Ciudad de La Punta, San Luis"]
[Date "2015.11.19"]
[Round "3.3"]
[White "Vello, Pablo"]
[Black "Montenegro, Juan Carlos"]
[Result "0-1"]
[WhiteElo "1768"]
[BlackElo "2013"]
[PlyCount "136"]
[EventDate "2015.11.18"]

1. d4 Nf6 2. c4 e6 3. Nc3 d5 4. e3 Be7 5. Nf3 O-O 6. cxd5 exd5 7. Bd3 h6 8. O-O
Nbd7 9. h3 c5 10. b3 Nb6 11. Ba3 c4 12. bxc4 Bxa3 13. Nb5 dxc4 14. Nxa3 cxd3
15. Qxd3 Qd5 16. Rfc1 Bxh3 17. Rc5 Bf5 18. Qxf5 Qd6 19. Nb5 Qd7 20. Qxd7 Nbxd7
21. Rc7 a6 22. Nd6 b5 23. e4 Nb6 24. Rac1 Nc4 25. Nxc4 bxc4 26. e5 Nd5 27.
R7xc4 Rfd8 28. Kf1 Nf4 29. g3 Nd5 30. Ke2 Rab8 31. R4c2 g5 32. Nd2 Nb4 33. Rb2
Nd3 34. Kxd3 Rxb2 35. Rc6 Rxa2 36. Rxh6 Kg7 37. Rh1 Ra4 38. Nc4 Rb8 39. Nd6
Rb3+ 40. Ke4 Ra2 41. Nf5+ Kg8 42. Nh6+ Kf8 43. Nf5 Ke8 44. Rh8+ Kd7 45. Rh6
Rxf2 46. Rd6+ Kc7 47. Ne7 Re2+ 48. Kf5 Rxg3 49. Nd5+ Kb7 50. Rd7+ Kc8 51. Nb6+
Kb8 52. Nc4 Rf2+ 53. Ke4 Rg4+ 54. Kd5 Rff4 55. Kc6 Rxd4 56. Rb7+ Kc8 57. Nb6+
Kd8 58. Rb8+ Ke7 59. Nd5+ Rxd5 60. Kxd5 Rg1 61. Rb7+ Kf8 62. e6 fxe6+ 63. Kxe6
g4 64. Kf6 Rf1+ 65. Ke6 g3 66. Rb8+ Kg7 67. Rb7+ Kg6 68. Rb2 Rf2 0-1

[Event "Copa Hector Lucero 2015 - Final ACUA - "]
[Site "Ciudad de La Punta, San Luis"]
[Date "2015.11.19"]
[Round "3.4"]
[White "Mitrani, Alberto"]
[Black "Saponara, Jose Maria"]
[Result "0-1"]
[WhiteElo "1795"]
[BlackElo "2028"]
[PlyCount "74"]
[EventDate "2015.11.18"]

1. c4 c6 2. g3 g6 3. Bg2 Bg7 4. Nc3 Nf6 5. Nf3 O-O 6. O-O d5 7. cxd5 cxd5 8. d4
Nc6 9. Bg5 Ne4 10. Qb3 Nxg5 11. Nxg5 e6 12. Nf3 Nxd4 13. Nxd4 Bxd4 14. e3 Bg7
15. Rfd1 Qa5 16. Rac1 Rb8 17. Nb5 Bd7 18. Nc3 Bc6 19. Qc2 a6 20. Qd2 Rbd8 21.
a3 d4 22. Ne2 Qxd2 23. Rxd2 dxe3 24. Rxd8 exf2+ 25. Kxf2 Rxd8 26. Bxc6 bxc6 27.
Rxc6 Bxb2 28. Rxa6 Rd3 29. a4 Bd4+ 30. Nxd4 Rxd4 31. Ra8+ Kg7 32. a5 Rd2+ 33.
Kg1 h5 34. h3 Ra2 35. a6 Kf6 36. a7 Ke5 37. Kf1 Ke4 0-1

[Event "Copa Hector Lucero 2015 - Final ACUA - "]
[Site "Ciudad de La Punta, San Luis"]
[Date "2015.11.19"]
[Round "4.1"]
[White "Morelli, Daniel"]
[Black "Saponara, Jose Maria"]
[Result "0-1"]
[WhiteElo "1825"]
[BlackElo "2028"]
[PlyCount "98"]
[EventDate "2015.11.18"]

1. f4 b6 2. Nf3 Bb7 3. e3 Nf6 4. b3 d6 5. Bb2 Nbd7 6. Bb5 e6 7. O-O h6 8. d3
Qe7 9. Bxd7+ Nxd7 10. Nbd2 Rg8 11. Qe1 O-O-O 12. a4 f5 13. a5 g5 14. axb6 a6
15. bxc7 Kxc7 16. Rf2 Bg7 17. Nc4 Nb8 18. Qa5+ Kd7 19. Nb6+ Ke8 20. Bxg7 Rxg7
21. Qd2 gxf4 22. exf4 Qf6 23. Re1 Kf7 24. Nc4 h5 25. Ng5+ Rxg5 26. fxg5 Qg6 27.
Qf4 Bd5 28. Nxd6+ Kg8 29. c4 Ba8 30. b4 Nc6 31. Nb7 Bxb7 32. Qc7 Qf7 33. Qb6
Rxd3 34. b5 axb5 35. Qxb5 Qd7 36. c5 Rd5 37. Qe2 e5 38. Qxh5 Rxc5 39. Qg6+ Qg7
40. Qxf5 Nd4 41. Qg4 Bc8 42. Qg3 Nf5 43. Rxf5 Bxf5 44. Rf1 e4 45. Qb8+ Kh7 46.
h4 e3 47. Qb6 Re5 48. Re1 Re6 49. Qd4 Qxd4 0-1

[Event "Copa Hector Lucero 2015 - Final ACUA - "]
[Site "Ciudad de La Punta, San Luis"]
[Date "2015.11.19"]
[Round "4.2"]
[White "Montenegro, Juan Carlos"]
[Black "Mitrani, Alberto"]
[Result "1-0"]
[WhiteElo "2013"]
[BlackElo "1795"]
[PlyCount "49"]
[EventDate "2015.11.18"]

1. e4 d6 2. d4 Nf6 3. Nd2 g6 4. Ngf3 Bg7 5. h3 O-O 6. Bd3 Nbd7 7. O-O c5 8. d5
Nb6 9. c4 e5 10. Ne1 Ne8 11. f4 f5 12. fxe5 fxe4 13. Rxf8+ Kxf8 14. Nxe4 Bxe5
15. Qf3+ Kg8 16. Bg5 Qc7 17. Nc2 Qf7 18. Qe3 Bf5 19. Rf1 Qg7 20. Bh6 Qh8 21. g4
Bd4 22. Nxd4 Qxd4 23. Qxd4 cxd4 24. gxf5 Nd7 25. fxg6 1-0

[Event "Copa Hector Lucero 2015 - Final ACUA - "]
[Site "Ciudad de La Punta, San Luis"]
[Date "2015.11.19"]
[Round "4.3"]
[White "Murolo, Antonio"]
[Black "Vello, Pablo"]
[Result "0-1"]
[WhiteElo "1844"]
[BlackElo "1768"]
[PlyCount "46"]
[EventDate "2015.11.18"]

1. d4 Nf6 2. Bf4 g6 3. Nf3 Bg7 4. e3 O-O 5. Be2 d6 6. h3 Nbd7 7. c3 b6 8. Nbd2
Bb7 9. Nb3 Rb8 10. Rc1 c5 11. dxc5 Nxc5 12. Nxc5 bxc5 13. O-O Bxf3 14. Bxf3
Rxb2 15. Qa4 Qb6 16. Rfd1 a5 17. Bd5 Qb5 18. Qa3 Nxd5 19. Rxd5 Re2 20. Rdd1 Qb2
21. Qxa5 Rxf2 22. Rb1 Rxg2+ 23. Kh1 Qxa2 0-1

[Event "Copa Hector Lucero 2015 - Final ACUA - "]
[Site "Ciudad de La Punta, San Luis"]
[Date "2015.11.19"]
[Round "4.4"]
[White "Lopez, Jose Luis"]
[Black "Perrone, Gabriel"]
[Result "1-0"]
[WhiteElo "2100"]
[BlackElo "1805"]
[PlyCount "63"]
[EventDate "2015.11.18"]

1. e4 e5 2. Nf3 Nf6 3. Nxe5 d6 4. Nf3 Nxe4 5. Nc3 Nf6 6. d4 d5 7. Bg5 Bg4 8. h3
Bxf3 9. Qxf3 Be7 10. O-O-O c6 11. Bd3 Nbd7 12. g4 h6 13. Be3 Qc7 14. Bf4 Qb6
15. Qe3 c5 16. Rhe1 Qd8 17. Bd6 Ng8 18. Nxd5 Ndf6 19. Bb5+ Kf8 20. Bxe7+ Nxe7
21. Qxe7+ Qxe7 22. Nxe7 a6 23. Bf1 Re8 24. Nf5 g6 25. Rxe8+ Kxe8 26. Nd6+ Kf8
27. Nxb7 Kg7 28. dxc5 Re8 29. c6 Rc8 30. Bg2 Re8 31. Nd6 Re2 32. c7 1-0

[Event "Copa Hector Lucero 2015 - Final ACUA - "]
[Site "Ciudad de La Punta, San Luis"]
[Date "2015.11.20"]
[Round "5.1"]
[White "Perrone, Gabriel"]
[Black "Morelli, Daniel"]
[Result "1/2-1/2"]
[WhiteElo "1805"]
[BlackElo "1825"]
[PlyCount "66"]
[EventDate "2015.11.18"]

1. d4 d5 2. c4 c6 3. Nc3 a6 4. Bg5 Bf5 5. e3 Nd7 6. Nf3 Ngf6 7. Qb3 b5 8. cxd5
Nxd5 9. Nxd5 cxd5 10. Qxd5 Nf6 11. Qxf5 e6 12. Qd3 Bb4+ 13. Nd2 Be7 14. Be2 O-O
15. O-O Nd5 16. Bxe7 Qxe7 17. Rac1 Nb4 18. Qb1 Qd7 19. a3 Nd5 20. Bf3 Rac8 21.
Bxd5 Qxd5 22. Rxc8 Rxc8 23. Rc1 Qb7 24. Rxc8+ Qxc8 25. Qe4 g6 26. g3 Qc1+ 27.
Nf1 Qxb2 28. Qa8+ Kg7 29. Qxa6 Qb3 30. Nd2 Qd1+ 31. Nf1 Qb3 32. Kg2 Qd5+ 33.
Kg1 Qb3 1/2-1/2

[Event "Copa Hector Lucero 2015 - Final ACUA - "]
[Site "Ciudad de La Punta, San Luis"]
[Date "2015.11.20"]
[Round "5.2"]
[White "Vello, Pablo"]
[Black "Lopez, Jose Luis"]
[Result "0-1"]
[WhiteElo "1768"]
[BlackElo "2100"]
[PlyCount "48"]
[EventDate "2015.11.18"]

1. d4 Nf6 2. c4 g6 3. Nc3 d5 4. e3 Bg7 5. Nf3 O-O 6. cxd5 Nxd5 7. Be2 c5 8. h3
Nc6 9. O-O Bf5 10. Qd2 cxd4 11. exd4 Rc8 12. Rd1 e5 13. Nxd5 Qxd5 14. dxe5 Qxd2
15. Bxd2 Nxe5 16. Be3 Nxf3+ 17. Bxf3 Bxb2 18. Rab1 Bxb1 19. Rxb1 Be5 20. Bxb7
Rc2 21. Bxa7 Rxa2 22. Be3 Rb8 23. Bh6 Ra7 24. Rd1 Raxb7 0-1

[Event "Copa Hector Lucero 2015 - Final ACUA - "]
[Site "Ciudad de La Punta, San Luis"]
[Date "2015.11.20"]
[Round "5.3"]
[White "Mitrani, Alberto"]
[Black "Murolo, Antonio"]
[Result "1-0"]
[WhiteElo "1795"]
[BlackElo "1844"]
[PlyCount "61"]
[EventDate "2015.11.18"]

1. c4 Nf6 2. g3 e6 3. Bg2 c6 4. e4 e5 5. d3 c5 6. Nc3 d6 7. Nf3 Nc6 8. O-O Be7
9. Ne1 Be6 10. Nc2 Qc8 11. Ne3 Bh3 12. Ned5 Bxg2 13. Kxg2 O-O 14. Rb1 Qd8 15.
b4 Nxd5 16. Nxd5 cxb4 17. Nxb4 Nxb4 18. Rxb4 b6 19. Rb5 a6 20. Rd5 Rc8 21. Qg4
Rc5 22. Ba3 Rxd5 23. cxd5 g6 24. Rc1 f5 25. exf5 Rxf5 26. Rc4 Qf8 27. f3 Rf7
28. Rc8 Bd8 29. Qe6 Kg7 30. Bxd6 Rxf3 31. Bxf8+ 1-0

[Event "Copa Hector Lucero 2015 - Final ACUA - "]
[Site "Ciudad de La Punta, San Luis"]
[Date "2015.11.20"]
[Round "5.4"]
[White "Saponara, Jose Maria"]
[Black "Montenegro, Juan Carlos"]
[Result "1-0"]
[WhiteElo "2028"]
[BlackElo "2013"]
[PlyCount "77"]
[EventDate "2015.11.18"]

1. Nf3 Nf6 2. c4 e6 3. Nc3 Bb4 4. g3 d5 5. a3 Bxc3 6. bxc3 O-O 7. cxd5 exd5 8.
Bg2 Nbd7 9. O-O Qe7 10. d3 h6 11. Re1 Nc5 12. Rb1 c6 13. a4 Ne6 14. Qb3 Re8 15.
Nd2 Ng5 16. c4 Nh3+ 17. Bxh3 Bxh3 18. Qxb7 Qd6 19. Qa6 Ng4 20. cxd5 Qxd5 21. e4
Rad8 22. Nf1 Qd4 23. Ne3 Ne5 24. Bb2 Nf3+ 25. Kh1 Qxd3 26. Qxd3 Rxd3 27. Red1
Rd2 28. Rxd2 Nxd2 29. Rd1 Nxe4 30. Kg1 Rb8 31. Bd4 Rb4 32. Bxa7 Rxa4 33. Bb6
Ra2 34. Nc4 Rxf2 35. Bxf2 Nxf2 36. Kxf2 Bg4 37. Rd8+ Kh7 38. Ne5 Be6 39. Nxc6
1-0

[Event "Copa Hector Lucero 2015 - Final ACUA - "]
[Site "Ciudad de La Punta, San Luis"]
[Date "2015.11.20"]
[Round "6.1"]
[White "Morelli, Daniel"]
[Black "Montenegro, Juan Carlos"]
[Result "0-1"]
[WhiteElo "1825"]
[BlackElo "2013"]
[PlyCount "76"]
[EventDate "2015.11.18"]

1. e4 c5 2. Nc3 Nc6 3. f4 d6 4. Bb5 Bd7 5. Nf3 Nf6 6. d3 e5 7. Bxc6 Bxc6 8.
fxe5 dxe5 9. Nxe5 Bd6 10. Nxc6 bxc6 11. Qe2 O-O 12. O-O Be5 13. Bf4 Qd4+ 14.
Qf2 Qxf2+ 15. Rxf2 Bd4 16. Raf1 Ng4 17. Bg3 Nxf2 18. Bxf2 Rad8 19. Kh1 Bxf2 20.
Rxf2 Rfe8 21. h3 Re5 22. b3 h6 23. Nd1 Rd6 24. Ne3 Rg6 25. Re2 Rf6 26. Kh2 h5
27. Nc4 Re7 28. a4 g5 29. Ne3 Kg7 30. Nf5+ Rxf5 31. exf5 Rxe2 32. c4 Re3 33.
Kg1 Rxd3 34. Kf2 Rxb3 35. Ke2 Kf6 36. g4 hxg4 37. hxg4 Ke5 38. Kd2 Kd4 0-1

[Event "Copa Hector Lucero 2015 - Final ACUA - "]
[Site "Ciudad de La Punta, San Luis"]
[Date "2015.11.20"]
[Round "6.2"]
[White "Murolo, Antonio"]
[Black "Saponara, Jose Maria"]
[Result "0-1"]
[WhiteElo "1844"]
[BlackElo "2028"]
[PlyCount "84"]
[EventDate "2015.11.18"]

1. d4 Nf6 2. Nf3 g6 3. Bf4 Bg7 4. e3 O-O 5. h3 d6 6. Be2 Nbd7 7. c3 c5 8. O-O
b6 9. Nbd2 Bb7 10. Rc1 Rc8 11. Re1 Re8 12. Bb5 a6 13. Bd3 cxd4 14. exd4 e5 15.
dxe5 Nh5 16. Bh2 dxe5 17. Bc2 b5 18. Be4 Qb6 19. Bxb7 Qxb7 20. Ne4 Bf8 21. Rc2
f5 22. Nd6 Bxd6 23. Qxd6 Nf4 24. Bxf4 exf4 25. Rxe8+ Rxe8 26. Rd2 Nf8 27. Kf1
Re6 28. Qd5 Qxd5 29. Rxd5 h6 30. Re5 Kf7 31. Rxe6 Kxe6 32. Nd4+ Kd5 33. b3 Nd7
34. Nc2 a5 35. Ke2 Ke4 36. f3+ Kd5 37. Kd2 Ne5 38. Ke2 Nc6 39. a3 g5 40. Nd4
Nxd4+ 41. cxd4 Kxd4 42. Kd2 h5 0-1

[Event "Copa Hector Lucero 2015 - Final ACUA - "]
[Site "Ciudad de La Punta, San Luis"]
[Date "2015.11.20"]
[Round "6.3"]
[White "Lopez, Jose Luis"]
[Black "Mitrani, Alberto"]
[Result "1-0"]
[WhiteElo "2100"]
[BlackElo "1795"]
[PlyCount "73"]
[EventDate "2015.11.18"]

1. e4 d6 2. d4 Nf6 3. Nc3 g6 4. f4 Bg7 5. Nf3 O-O 6. Bd3 c5 7. dxc5 dxc5 8. e5
Nfd7 9. O-O Nc6 10. Ne4 f5 11. Neg5 Nb6 12. Qe2 h6 13. Bc4+ Nxc4 14. Qxc4+ Kh8
15. Nf7+ Rxf7 16. Qxf7 Kh7 17. Be3 Bd7 18. Rad1 Qc7 19. Nh4 Be8 20. Qc4 b6 21.
Rf3 Rd8 22. Rxd8 Nxd8 23. Rg3 e6 24. b4 Qe7 25. Nf3 Bc6 26. bxc5 Bd5 27. Qc3 b5
28. Nd4 a6 29. Qa5 Bb7 30. Qb6 Qd7 31. Qd6 Qe8 32. Bd2 Bf8 33. Qc7+ Be7 34. Bb4
Kg8 35. c6 Nxc6 36. Nxc6 Bxc6 37. Qxe7 1-0

[Event "Copa Hector Lucero 2015 - Final ACUA - "]
[Site "Ciudad de La Punta, San Luis"]
[Date "2015.11.20"]
[Round "6.4"]
[White "Perrone, Gabriel"]
[Black "Vello, Pablo"]
[Result "1/2-1/2"]
[WhiteElo "1805"]
[BlackElo "1768"]
[PlyCount "122"]
[EventDate "2015.11.18"]

1. d4 Nf6 2. Bg5 e6 3. c4 Be7 4. Nc3 d5 5. e3 h6 6. Bh4 Nc6 7. Nf3 O-O 8. Bd3
dxc4 9. Bxc4 Bd7 10. O-O a6 11. Re1 Bb4 12. e4 Be7 13. e5 Nh5 14. Bxe7 Nxe7 15.
a3 Bc6 16. Bd3 Nf4 17. Be4 Bxe4 18. Rxe4 Nfd5 19. Rb1 Nxc3 20. bxc3 Qd5 21. Re1
b5 22. Qb3 Qxb3 23. Rxb3 Nc6 24. Rc1 Na5 25. Rbb1 Nc4 26. Ra1 Rfc8 27. a4 bxa4
28. Rxa4 Nb2 29. Ra2 Nc4 30. g3 c5 31. Nd2 Nxd2 32. Rxd2 cxd4 33. Rxd4 Kf8 34.
c4 Rc6 35. c5 Rac8 36. Rdc4 Ke7 37. f4 f5 38. h3 a5 39. Kg2 Rd8 40. Ra4 Ra8 41.
g4 fxg4 42. hxg4 Kf7 43. Kg3 Kg6 44. Kh4 Rh8 45. Rxa5 h5 46. Rd1 hxg4+ 47. Kxg4
Rhc8 48. Rd6 Kf7 49. Ra7+ Kg6 50. Rxc6 Rxc6 51. Ra5 Kh6 52. Kh4 Kg6 53. Rb5 Kf5
54. Kg3 g6 55. Kf3 Rc7 56. Kg3 Rc6 57. Ra5 Rc7 58. Kf3 Rc6 59. Kg3 Rc7 60. Kf3
Rc6 61. Ke3 Rc7 1/2-1/2

[Event "Copa Hector Lucero 2015 - Final ACUA - "]
[Site "Ciudad de La Punta, San Luis"]
[Date "2015.11.20"]
[Round "7.1"]
[White "Vello, Pablo"]
[Black "Morelli, Daniel"]
[Result "0-1"]
[WhiteElo "1768"]
[BlackElo "1825"]
[PlyCount "90"]
[EventDate "2015.11.18"]

1. d4 d5 2. c4 c6 3. Nc3 a6 4. cxd5 cxd5 5. Nf3 Nf6 6. e3 Bf5 7. Bd3 Bxd3 8.
Qxd3 e6 9. O-O Nbd7 10. e4 dxe4 11. Nxe4 Be7 12. Bf4 Rc8 13. Nd6+ Bxd6 14. Bxd6
Rc6 15. Ba3 b5 16. Rac1 Qc7 17. Rxc6 Qxc6 18. Qd1 a5 19. b4 a4 20. Qc1 Qxc1 21.
Rxc1 O-O 22. g3 Nb6 23. Nd2 Rc8 24. Rxc8+ Nxc8 25. Bb2 Nb6 26. f3 Kf8 27. Kf2
Nfd5 28. Ke2 Nxb4 29. Ba3 N6d5 30. Bxb4+ Nxb4 31. a3 Nc2 32. Kd3 Nxa3 33. Kc3
Ke7 34. Kb4 Nc2+ 35. Kxb5 a3 36. Nb3 a2 37. Kc4 Kd6 38. Kc3 Ne3 39. Kb2 Kd5 40.
Kxa2 Kc4 41. Kb2 Nf1 42. Kc2 Nxh2 43. f4 Nf3 44. Na5+ Kxd4 45. Nc6+ Ke3 0-1

[Event "Copa Hector Lucero 2015 - Final ACUA - "]
[Site "Ciudad de La Punta, San Luis"]
[Date "2015.11.20"]
[Round "7.2"]
[White "Mitrani, Alberto"]
[Black "Perrone, Gabriel"]
[Result "1-0"]
[WhiteElo "1795"]
[BlackElo "1805"]
[PlyCount "111"]
[EventDate "2015.11.18"]

1. c4 c5 2. g3 g6 3. Bg2 Bg7 4. Nc3 Nc6 5. Nf3 Nf6 6. O-O O-O 7. e4 d6 8. d3
Bg4 9. h3 Bxf3 10. Bxf3 e6 11. g4 a6 12. g5 Nd7 13. Ne2 Nde5 14. Bg2 b5 15. Rb1
bxc4 16. dxc4 Nxc4 17. b3 Rb8 18. Qc2 N4e5 19. f4 Nd7 20. Be3 h6 21. Rbd1 Qc7
22. h4 hxg5 23. hxg5 f6 24. f5 exf5 25. exf5 Rbe8 26. Qc4+ Kh8 27. gxf6 Rxf6
28. Qh4+ Kg8 29. Bd5+ Kf8 30. Qh7 gxf5 31. Qg8+ Ke7 32. Qxg7+ Kd8 33. Bg5 Rxe2
34. Bxf6+ Nxf6 35. Qxf6+ Ne7 36. Rxf5 Kc8 37. Qf8+ Kd7 38. Rf7 Re5 39. Kf1 Qa5
40. a4 Qb6 41. Bc4 Qc6 42. Qg7 Qh1+ 43. Qg1 Qh3+ 44. Qg2 Rf5+ 45. Rxf5 Qxf5+
46. Qf2 Qxf2+ 47. Kxf2 a5 48. Re1 Nc6 49. Bb5 Kc7 50. Re6 Nd4 51. Re7+ Kd8 52.
Rd7+ Kc8 53. Rxd6 Nxb5 54. axb5 Kc7 55. Rc6+ Kb7 56. Rxc5 1-0

[Event "Copa Hector Lucero 2015 - Final ACUA - "]
[Site "Ciudad de La Punta, San Luis"]
[Date "2015.11.20"]
[Round "7.3"]
[White "Saponara, Jose Maria"]
[Black "Lopez, Jose Luis"]
[Result "0-1"]
[WhiteElo "2028"]
[BlackElo "2100"]
[PlyCount "64"]
[EventDate "2015.11.18"]

1. d4 Nf6 2. Nf3 e6 3. Bg5 h6 4. Bh4 c5 5. e3 d5 6. c3 Nbd7 7. Bd3 Be7 8. Nbd2
O-O 9. Qc2 b6 10. O-O Bb7 11. Rfe1 Re8 12. Rad1 a6 13. Qb1 b5 14. e4 dxe4 15.
Nxe4 cxd4 16. cxd4 Nxe4 17. Bxe4 Bxe4 18. Bxe7 Bxb1 19. Bxd8 Bc2 20. Ba5 Bxd1
21. Rxd1 Rac8 22. Bc3 Nb6 23. Kf1 Nd5 24. Ne1 Nxc3 25. bxc3 Rxc3 26. Rd2 Rd8
27. Ke2 a5 28. Nf3 b4 29. Rb2 Rdc8 30. Kd2 R8c4 31. h3 Kf8 32. Ne5 Rxd4+ 0-1

[Event "Copa Hector Lucero 2015 - Final ACUA - "]
[Site "Ciudad de La Punta, San Luis"]
[Date "2015.11.20"]
[Round "7.4"]
[White "Montenegro, Juan Carlos"]
[Black "Murolo, Antonio"]
[Result "1-0"]
[WhiteElo "2013"]
[BlackElo "1844"]
[PlyCount "71"]
[EventDate "2015.11.18"]

1. e4 e6 2. d4 d5 3. Nc3 Bb4 4. e5 c5 5. Nf3 Nc6 6. a3 Bxc3+ 7. bxc3 c4 8. Be2
Bd7 9. O-O Nge7 10. g4 Qc7 11. Bg5 h6 12. Bxe7 Nxe7 13. Ne1 O-O-O 14. f4 f6 15.
a4 Qa5 16. Rf3 fxe5 17. dxe5 Bc6 18. Rg3 Rdf8 19. Qd4 g5 20. Ng2 Bd7 21. Qe3
Kc7 22. fxg5 hxg5 23. Qxg5 Qb6+ 24. Qe3 Qxe3+ 25. Rxe3 Rf7 26. a5 a6 27. h4 Be8
28. Rf1 Rxf1+ 29. Kxf1 Rf8+ 30. Rf3 Rxf3+ 31. Bxf3 Nc6 32. Nf4 Kd7 33. h5 Ke7
34. h6 Kf8 35. Nxe6+ Kg8 36. Bxd5 1-0